El toro pinto and other songs in spanish / (Registro nro. 9404)

Detalles MARC
000 -LIDER
fixed length control field 00628nam a22002297a 4500
001 - NÚMERO DE CONTROL
Identificador de número de control 000206
003 - IDENTIFICACDOR DE NÚMERO DE CONTROL
control field DO-SdBNP
005 - DATE AND TIME OF LATEST TRANSACTION
control field 20180302091740.0
007 - CAMPOS FIJOS DE DESCRIPCIÓN FÍSICA
fixed length control field 000206
008 - ELEMENTOS DE LONGITUD FIJA
fixed length control field 151210b 1971 xxu a 00| 0 spa d
040 ## - FUENTE DE CATALOGACIÓN
Agencia que crea de manera original el registro BPMSU
Idioma de catalogación spa
Agencia que realiza la transcripción BPMSU
041 17 - CÓDIGOS DE OBRAS TRADUCIDAS O EN VARIOS IDIOMAS
Código del idioma del texto/archivo de sonido o separata spa
Código del idioma del resumen, abstract o subtítulo eng
092 ## - LOCALLY ASSIGNED DEWEY DECIMAL CALL NUMBER
Número de clasificación xxxx
Número de ítem (Cutter) xxxx
245 03 - MENCIÓN DE TITULO
Título El toro pinto and other songs in spanish /
Mención de responsabilidad selected and illustrated by Anne Rockwell
260 ## - PUBLICACIÓN, DISTRIBUCIÓN, ETC. (PIE DE IMPRENTA)
Lugar de publicación, distribución, etc New York ;
Nombre del editor, distribuidor, etc. Macmillan company,
Fecha de publicación, distribución, etc 1977.
300 ## - DESCRIPCIÓN FÍSICA
Extensión 52 p.;
Otros detalles físicos il.
Dimensiones 26 cm.
700 12 - ASIENTO SECUNDARIO -- NOMBRE PERSONAL
Nombre personal Rockwell, Anne
Mención de responsabilidad il.
910 ## - VALIDACIÓN
Validación 00144
942 ## - ADDED ENTRY ELEMENTS (KOHA)
Source of classification or shelving scheme Dewey Decimal Classification
Koha item type Libros
945 ## - INFORMACIÓN DE PROCESAMIENTO LOCAL
Información de procesamiento local inventariado, 2018 / dg
956 ## - LOCAL ELECTRONIC LOCATION AND ACCESS (OCLC)
Nombre de host Yngrid Lockward
Número de acceso 10
Existencias
Withdrawn status Lost status Source of classification or shelving scheme Damaged status Not for loan Collection code Home library Current library Date acquired Source of acquisition Total Checkouts Barcode Date last seen Price effective from Koha item type
    Dewey Decimal Classification       Biblioteca Pública Metropolitana Salomé Ureña Biblioteca Pública Metropolitana Salomé Ureña 03/28/2016 Donación   BPMET16030285 03/28/2016 03/28/2016 Libros